000 00276nam a2200121Ia 4500
008 191201s2011 xx 000 0 und d
100 _aKAZIMI, S.M.A.
245 0 _aSolid Mechanics
260 _aN. Delhi
_bTMH
_c2011
300 _a448
650 _aB.Tech(ME)
942 _2ddc
_cBK
999 _c6198
_d6198